The methodological unity of science / (Record no. 173523)

MARC details
000 -LEADER
campo de control de longitud fija 00781nam a2200241 i 4500
001 - NÚMERO DE CONTROL
campo de control 173523
003 - IDENTIFICADOR DE NÚMERO DE CONTROL
campo de control ES-MaACL
005 - FECHA Y HORA DE LA ÚLTIMA TRANSACCIÓN
campo de control 20251128112250.0
008 - DATOS DE LONGITUD FIJA--INFORMACIÓN GENERAL
campo de control de longitud fija 091204s1973 xxu |||| | eng d
020 ## - NÚMERO INTERNACIONAL ESTÁNDAR DEL LIBRO
Número Internacional Estándar del Libro 90-277-0404 X
080 ## - NÚMERO DE LA CLASIFICACIÓN DECIMAL UNIVERSAL
Número de la Clasificación Decimal Universal 001:1
080 ## - NÚMERO DE LA CLASIFICACIÓN DECIMAL UNIVERSAL
Número de la Clasificación Decimal Universal 001.8
245 04 - MENCIÓN DEL TÍTULO
Título The methodological unity of science /
Mención de responsabilidad, etc. edited by Mario Bunge.
260 ## - PUBLICACIÓN, DISTRIBUCIÓN, ETC.
Lugar de publicación, distribución, etc. Dordrecht ;
-- Boston :
Nombre del editor, distribuidor, etc. Reidel,
Fecha de publicación, distribución, etc. [1973]
300 ## - DESCRIPCIÓN FÍSICA
Extensión VIII, 264 p. ;
Dimensiones 23 cm.
490 1# - MENCIÓN DE SERIE
Mención de serie Theory and decision library ;
Designación de volumen o secuencia 3
650 ## - PUNTO DE ACCESO ADICIONAL DE MATERIA--TÉRMINO DE MATERIA
Término de materia o nombre geográfico como elemento de entrada Ciencia-
Subdivisión general Filosofía.
9 (RLIN) 10950
650 04 - PUNTO DE ACCESO ADICIONAL DE MATERIA--TÉRMINO DE MATERIA
Término de materia o nombre geográfico como elemento de entrada Ciencia-
Subdivisión general Metodología
9 (RLIN) 10958
700 1# - ENTRADA AGREGADA--NOMBRE PERSONAL
Nombre de persona Bunge, Mario,
Fechas asociadas al nombre 1919-
9 (RLIN) 165711
830 0# - PUNTO DE ACCESO ADICIONAL DE SERIE-TÍTULO UNIFORME
Título uniforme Theory and decision library ;
Designación de volumen o secuencia 3
9 (RLIN) 223561
852 ## - LOCALIZACIÓN
Ubicación ES-MaACL
Número de control de estantería E-13211
Nota libre .- Donativo doctor Calles
Holdings
Estatus retirado Estado de pérdida Estado de daño No para préstamo Biblioteca de origen Biblioteca actual Ubicación en estantería Fecha de adquisición Fuente de adquisición Total de préstamos Signatura topográfica completa Código de barras Visto por última vez Precio de reemplazo Tipo de ítem Koha
        Biblioteca del Ateneo de Madrid Biblioteca del Ateneo de Madrid Depósito 2 04/12/2009     E-13211 1182102 23/02/2023 23/02/2023 Libro impreso